| 000 | 01055nam0a22002531 4500 | ||
|---|---|---|---|
| 001 | rc\4234042 | ||
| 005 | 20260406121100.0 | ||
| 021 |
_aRU _bРг9006-60 |
||
| 035 | _a(NLR Aleph) 008227940 | ||
| 090 |
_a8197896 _c8197896 |
||
| 100 | _a20130416d1960 |||y0rusy50 ca | ||
| 101 | 0 | _arus | |
| 102 | _aRU | ||
| 105 | _ay z ||||| | ||
| 200 | 1 |
_aТезисы докладов на VI Пленарном заседании комиссии, посвященном современной проблематике лексикологии и семасиологии 19-21 октября 1960 года _fАкад. наук СССР. Отд-ние литературы и языка. Словарная комис. |
|
| 210 |
_aМосква _cБ. и. _d1960 |
||
| 215 |
_a[1], 42 с. _d20 |
||
| 300 | _aОтпеч. множит. аппаратом | ||
| 710 | 0 | 2 |
_aАН СССР _bСловарная комиссия _3RU\NLR\AUTH\8813614 _9300266 |
| 801 | 0 |
_aRU _bNLR _gpsbo |
|
| 801 | 1 |
_aRU _bELAR _2rusmarc |
|
| 852 |
_aNLR _j60-4/13591 |
||
| 942 | _cBOOK | ||
| 980 | _aNB | ||